000 00807nam a22002417a 4500
003 UA-OsUOA
001 49783
007 ta
008 20140127b un ||||| |||| 00| 0 ukr d
100 _aБиковський Л.
090 _a82-94
_bБ60
942 _cBK
040 _aUA-OsUOA
_bukr
_cUA-OsUOA
_dUA-OsUOA
245 _aЗ Генеральної губернії до Вартегау: Спомини (1944-1945)
300 _a109 с.
955 _a4
041 _aukr
080 _a82-94
260 _aДенвер
_bУкраїнський суходоловий інститут
_c1973
650 7 _a82 Література. Літературознавство
_2UDC
999 _c429910
_d429910